000 00657nam a2200229 a 4500
003 BD-DhJNU
005 20250507063528.0
008 110328s1997 bg a g 000 0 eng d
020 _a9840513907
040 _aBD-DhJNU
_bENG
_cBD-DhJNU
_dBD-DhJNU
082 0 4 _a950 CLA
_223
245 0 0 _aThe Clash of civilizations? :
_bAsian responses /
_cedited by Salim Rashid
250 _a1st ed.
260 _aDhaka :
_bThe University press.,
_c1997.
300 _avii, 158 p. :
_bill. ;
_c21.5 cm.
650 1 7 _aCulture
_2Spines
650 1 7 _aCivilization
_2Spines
650 2 7 _aHistory
_2Spines
651 4 _aAsia
700 _aSalim Rashid
_eEditor
942 _cBK
999 _c1673
_d1673